Online
Catalog

Juan López ayer y hoy / (Record no. 322)

MARC details
000 -CABECERA
campo de control de longitud fija 01322nam a2200253 a 4500
001 - NÚMERO DE CONTROL
campo de control 000000323
003 - IDENTIFICADOR DEL NÚMERO DE CONTROL
campo de control DO-SdBNP
005 - FECHA Y HORA DE LA ÚLTIMA TRANSACCIÓN
campo de control 20211116122307.0
008 - DATOS DE LONGITUD FIJA--INFORMACIÓN GENERAL
campo de control de longitud fija 081112s2007 dr ac 000 0 spa d
040 ## - FUENTE DE LA CATALOGACIÓN
Centro catalogador/agencia de origen DO-SdBNP
Lengua de catalogación spa
Centro/agencia transcriptor BNPHU
082 #4 - NÚMERO DE LA CLASIFICACIÓN DECIMAL DEWEY
Número de clasificación 972.9362
Número de documento/Ítem B457j
Número de edición 22
100 1# - ENTRADA PRINCIPAL--NOMBRE DE PERSONA
Nombre de persona Bencosme García, Cristóbal Fidencio,
Fechas asociadas al nombre 1951-
9 (RLIN) 1092
245 10 - MENCIÓN DE TÍTULO
Título Juan López ayer y hoy /
Mención de responsabilidad, etc. Cristóbal Fidencio Bencosme García ; redactor y corrector Luis Manuel Brito Ureña.
260 ## - PUBLICACIÓN, DISTRIBUCIÓN, ETC.
Lugar de publicación, distribución, etc. Santo Domingo :
Nombre del editor, distribuidor, etc. Manatí,
Fecha de publicación, distribución, etc. [2007].
300 ## - DESCRIPCIÓN FÍSICA
Extensión 504 p. :
Otras características físicas il., retrs. ;
Dimensiones 24 cm.
504 ## - NOTA DE BIBLIOGRAFÍA, ETC.
Nota de bibliografía, etc. Incluye referencias bibliográficas y notas al pie de las páginas
505 1# - NOTA DE CONTENIDO CON FORMATO
Título De antaño --
-- Una tierra de historias --
-- Una tierra de agricultores y más --
-- Una tierra de socialización, cultura, educación y diversión --
-- Una tierra de Dios --
-- Una tierra de bellezas y naturaleza --
-- Una tierra de trabajadores y profesionales -- Una tierra que camina --
-- Un distrito municipal --
-- El libro de Juan López.
650 #4 - PUNTO DE ACCESO ADICIONAL DE MATERIA--TÉRMINO DE MATERIA
Término de materia o nombre geográfico como elemento de entrada Ciudades y pueblos
Subdivisión general República Dominicana
9 (RLIN) 1095
651 #4 - PUNTO DE ACCESO ADICIONAL DE MATERIA--NOMBRE GEOGRÁFICO
Nombre geográfico Juan López, Moca (República Dominicana)
9 (RLIN) 1093
651 #4 - PUNTO DE ACCESO ADICIONAL DE MATERIA--NOMBRE GEOGRÁFICO
Nombre geográfico Juan López, Moca (República Dominicana)
Subdivisión general Vida social y costumbres
9 (RLIN) 1094
700 1# - PUNTO DE ACCESO ADICIONAL--NOMBRE DE PERSONA
Nombre de persona Brito Ureña, Luis Manuel
9 (RLIN) 1096
910 ## - DATOS DE OPCIÓN DEL USUARIO (OCLC)
Datos de opción del usuario Validado. Control de calidad BNPHU
942 ## - ELEMENTOS DE PUNTO DE ACCESO ADICIONAL (KOHA)
Fuente del sistema de clasificación o colocación Dewey Decimal Classification
Tipo de ítem Koha Libro
Holdings
Estado de retiro Estado de pérdida Restricciones de uso No para préstamo Código de colección Localización permanente Ubicación/localización actual Ubicación en estantería Fecha de adquisición Número de inventario Total de préstamos Signatura topográfica completa Código de barras Fecha visto por última vez Número de copia Precio válido a partir de Tipo de ítem Koha
      Préstamo en sala Dominicana de Servicio Biblioteca Nacional Pedro Henríquez Ureña Biblioteca Nacional Pedro Henríquez Ureña Depósito 11.07.2009 LF1   972.9362 B457j 323-30 25.06.2020 e. 3 25.06.2020 Libros y folletos
    Préstamo interno Préstamo en sala Dominicana de Servicio Biblioteca Nacional Pedro Henríquez Ureña Biblioteca Nacional Pedro Henríquez Ureña Depósito 29.01.2010 LF1   972.9362 B457j 323-40 25.06.2020 e. 4 25.06.2020 Libros y folletos
    Préstamo interno Préstamo en sala Dominicana de Servicio Biblioteca Nacional Pedro Henríquez Ureña Biblioteca Nacional Pedro Henríquez Ureña Depósito 29.01.2010 LF1   972.9362 B457j 323-50 25.06.2020 e. 5 25.06.2020 Libros y folletos
      Préstamo restrigido Patrimonio Dominicano Biblioteca Nacional Pedro Henríquez Ureña Biblioteca Nacional Pedro Henríquez Ureña Orden iniciada 06.07.2017 LF1   972.9362 B457j 323-60 25.06.2020   25.06.2020 Libros y folletos
      Préstamo restrigido Patrimonio Dominicano Biblioteca Nacional Pedro Henríquez Ureña Biblioteca Nacional Pedro Henríquez Ureña Depósito 10.07.2009 LF1   972.9362 B457j 323-10 25.06.2020   25.06.2020 Libros y folletos
      Préstamo restrigido Patrimonio Dominicano Biblioteca Nacional Pedro Henríquez Ureña Biblioteca Nacional Pedro Henríquez Ureña Depósito 11.07.2009 LF1   972.9362 B457j 323-20 25.06.2020 e. 2 25.06.2020 Libros y folletos

Powered by Koha